| 000 | 00354 a2200169 4500 | ||
|---|---|---|---|
| 001 | 189386 | ||
| 020 | _a978-85-7153-283-0 | ||
| 040 | _cMagnum | ||
| 100 | _aDiogo, Andrea | ||
| 240 | 1 | 0 |
_aDe repente, repente _lpor |
| 245 | 1 | 0 | _aDe repente, repente |
| 300 | _a96 | ||
| 362 | 0 | _a2012 | |
| 440 | 1 | _aRHJ | |
| 697 | _aLITERATURA JUVENIL | ||
| 942 | _cBK | ||
| 999 |
_c189386 _d189386 |
||